VALORANT QUIZ - 2022 - Statistiques

Statistiques générales
  • Ce quiz a été pris 5 364 fois
  • Le résultat moyen est 6 sur 15
Statistiques - réponses
Question Réponse % Correct
Le fait de tuer les 5 membres d'une équipe en 1 contre 5 s'appelle Un ACE
86%
Lequel de ces agents est une sentinelle Killjoy
83%
Combien de dégâts fait la Vandal dans le corps 40
78%
Combien de dégâts met le Sheriff dans le corps de 0 à 30m 55
78%
Quel est le vrai nom du joueur TENZ Tyson Ngo
66%
Quels sont les dégâts de la Bulldog dans la tête 115
56%
Lequel de ces skins vaut 1775 Prime//2.0 Phantom
37%
Combien de dégâts fait le ghost dans la tête de 30 à 50m 87
32%
Quels sont les dégâts du Frenzy dans le corps de 0 à 20m 26
31%
Quel est le meilleur joueur dans le rôle d'initiateur CRASHIES
29%
Qui des personnage ci dessous peek le plus agressivement Raze
18%
Lequel de ces personnages est en S tier Chamber
17%
Combien de dégâts met le Judge de 0 à 10m dans la tête 35
13%
Quels sont les dégâts de la Phantom de 30 à 50m dans la tête 124
11%
Quel est le meilleur joueur d'Amérique du nord SHAHZAM
7%
Aucun quiz correspondant
Distribution des résultats
% des personnes avec chaque résultat
Percentile par nombre de réponses
Votre historique - résultats
Vous n’avez pas pris ce quiz